00491nam a22001457a 4500003000500000038001800005082000800023100001900031245011400050264003700164300001200201650004400213700003100257856005700288NUST aNusrat Nadeem a200 aSajjad, Maham  aApplication Of Vr Based Approach To Help Secondary Students In Performing Practical Activties /cMaham Sajjad aIslamabad :bSEECS, NUST,c2022. a81 p. ; aMS-Innovative Technologies in Learning  aSupervisor: Nasir Mahmood uhttp://10.250.8.41:8080/xmlui/handle/123456789/29977